000 01189nam a2200313Ia 4500
001 ebr10333030
003 CaPaEBR
006 m u
007 cr cn|||||||||
008 090430s2009 enk sb 000 0 eng d
010 _z 2009018187
020 _z9780470517192 (cloth)
040 _aCaPaEBR
_cCaPaEBR
035 _a(OCoLC)441886995
050 1 4 _aRC554
_b.A73 2009eb
082 0 4 _a616.85/81
_222
100 1 _aArciero, Giampiero.
245 1 0 _aSelfhood, identity and personality styles
_h[electronic resource] /
_cGiampiero Arciero and Guido Bondolfi.
260 _aChichester ;
_aHoboken, NJ :
_bWiley-Blackwell,
_cc2009.
300 _aix, 267 p.
504 _aIncludes bibliographical references.
533 _aElectronic reproduction.
_bPalo Alto, Calif. :
_cebrary,
_d2009.
_nAvailable via World Wide Web.
_nAccess may be limited to ebrary affiliated libraries.
650 0 _aPersonality disorders.
650 0 _aPersonality.
655 7 _aElectronic books.
_2local
700 1 _aBondolfi, Guido.
710 2 _aebrary, Inc.
856 4 0 _uhttp://site.ebrary.com/lib/rucke/Doc?id=10333030
_zAn electronic book accessible through the World Wide Web; click to view
999 _c49842
_d49842